[Event "Arvier op"]
[Site "Arvier"]
[Date "2010.07.05"]
[Round "3"]
[White "Goidts, Bruno"]
[Black "Cavatorta, Fosco"]
[Result "0-1"]
[WhiteElo "1602"]
[BlackElo "1981"]
[PlyCount "48"]
[EventDate "2010.07.03"]
[EventType "swiss"]
[EventRounds "9"]
[EventCountry "ITA"]
[SourceTitle "CBM 137 Extra"]
[Source "ChessBase"]
[SourceDate "2010.09.01"]
[SourceVersion "1"]
[SourceVersionDate "2010.09.01"]
[SourceQuality "1"]

1. d4 d6 2. Nf3 Nf6 3. c4 g6 4. Nc3 Bf5 5. Bf4 Bg7 6. e3 0-0 7. Bd3 Bg4 8. Be2 Nc6 9. 0-0 h6 10. Nd2 Bxe2 11. Qxe2 e5 12. dxe5 dxe5 13. Bg3 Qe7 14. Nde4 Nxe4 15. Nxe4 h5 16. h3 f5 17. Nc3 Qg5 18. Nd5 Rf7 19. a4 a5 20. Bh2 f4 21. exf4 exf4 22. Ra3 f3 23. Rxf3 Ne5 24. Qe3 Nxf3+ 0-1